000 00824nam a2200241Ia 4500
003 OSt
005 20220923220926.0
006 a|||||r|||| 00| 0
007 ta
008 220922b |||||||| |||| 00| 0 hin d
024 _a192,314
037 _cTextual
040 _aARTS
_cARTS
_bhin
041 _2hin
_ahin
082 _aT:3(P152), 152N8
100 _aबाछोतिया, हीरालाल
245 0 _aहिन्दी शिक्षण
_b संकल्पना और प्रयोग
246 _aHindī shikṣhaṇa: sankalpanā aur prayoga
260 _aदिल्ली
_b आर्य प्रकाशन
_c1998
300 _a111पृ.
_ccm.
942 _hT:3(P152), 152N8
_cTEXL
_2CC
999 _c344934
_d344934